El giro sufí y su estrategia de transmisión al interior de la religión islámica en la orden Naqshbanddi Haqqani en Chile en el siglo XXI

Desde los orígenes de la humanidad el hombre ha buscado respuestas y contención en una entidad superior, seguramente porque es inherente a él el sentimiento de pertenencia a algo más grande. Así también la danza ha sido parte del ser humano desde sus orígenes como una forma de expresión y de comunic...

Descripción completa

Detalles Bibliográficos
Autor principal: Guzmán Sepúlveda, Viviana
Otros Autores: Alarcón Carvacho, Patricio (profesor guía)
Formato: Tesis
Lenguaje:español
Publicado: Santiago, Chile: Universidad Academia de Humanismo Cristiano, 2014.
Materias:
Acceso en línea:Disponible en línea. Contenido parcial (PDF). Biblioteca Digital UAHC (disponible contenido parcial de la tesis a solicitud del autor)

MARC

LEADER 00000nmm a22000007a 4500
001 043603
003 UAHC_CL
005 20250520105437.0
008 140414s2014 cl o 000 spa
040 |a UAHC_CL  |c UAHC_CL  |d UAHC_CL 
100 1 |a Guzmán Sepúlveda, Viviana 
245 1 3 |a El giro sufí y su estrategia de transmisión al interior de la religión islámica en la orden Naqshbanddi Haqqani en Chile en el siglo XXI  |c Viviana Guzmán, profesor guía Patricio Alarcón. 
260 |a Santiago, Chile:  |b Universidad Academia de Humanismo Cristiano,  |c 2014. 
300 |a 108 páginas. 
500 |a Tesis para optar al grado de Licenciado en Danza, mención pedagogía. 
502 |a Tesis (Pedagogía en Danza) -- Universidad Academia de Humanismo Cristiano, 2014. 
516 |a Tesis electrónica (PDF). Solicitar envío de documento a biblioteca@academia.cl.  
520 |a Desde los orígenes de la humanidad el hombre ha buscado respuestas y contención en una entidad superior, seguramente porque es inherente a él el sentimiento de pertenencia a algo más grande. Así también la danza ha sido parte del ser humano desde sus orígenes como una forma de expresión y de comunicación, ya sea con otros seres humanos como con las fuerzas de la naturaleza que consideraba divinidades. También se debe considerar que el elemento fundamental de la danza está en la propia naturaleza humana; el ritmo, que le viene dado por su propio funcionamiento orgánico con la respiración y los latidos del corazón. 
650 0 |a Religión y cultura  |9 14150 
650 0 |a Danza  |x ESTUDIO Y ENSEÑANZA  |9 3902 
700 1 |a Alarcón Carvacho, Patricio  |e profesor guía 
856 |u http://bibliotecadigital.academia.cl/xmlui/handle/123456789/1549  |3 Disponible en línea. Contenido parcial (PDF). Biblioteca Digital UAHC (disponible contenido parcial de la tesis a solicitud del autor)  |y Disponible en línea. Contenido parcial (PDF). Biblioteca Digital UAHC (disponible contenido parcial de la tesis a solicitud del autor) 
900 |a TDAN 67 
942 |c TS 
952 |0 0  |1 0  |4 0  |6 TDAN_67_000000000000000  |7 0  |8 BAS  |9 81163  |a BS  |b BS  |c Digital  |d 2017-08-03  |l 0  |o TDAN 67  |r 2019-12-02 00:00:00  |w 2017-08-03  |y TS  |z Documento en PDF 
999 |c 43603  |d 43603